Biggest New York City Suburbs - Statistics

General Stats
  • This quiz has been taken 71 times
  • The average score is 6 of 10
Answer Stats
# Pop. Answer % Correct
1 311,549 Newark
98%
2 292,449 Jersey City
95%
3 211,569 Yonkers
95%
5 137,298 Elizabeth
74%
4 159,732 Paterson
67%
7 107,588 Edison
46%
8 103,639 Woodbridge
34%
6 135,158 Lakewood
28%
10 90,296 Clifton
21%
9 95,438 Toms River
15%
No matching quizzes found
Score Distribution
Percent of People with Each Score
Percentile by Number Answered
Your Score History
You have not taken this quiz